000 01956nam a2200421 ia4500
003 OSt
005 20231130103145.0
008 231128s2021 enka j 000 1 eng d
020 _a9781444959901
_cRM18.90
_qpaperback
040 _aPPAK
_beng
_cPPAK
_erda
082 0 4 _223
_a823.912
090 0 0 _a823.912
_bBLY
_dK
100 1 _aBlyton, Enid,
_d1898?-1968.
_eauthor.
245 1 0 _aThe Land of TOYS /
_cEnid Blyton ; illustrated by Alex Paterson
264 1 _aLondon :
_bHodder's Children's Books,
_c2021
300 _a73 pages :
_bcolour illustrations ;
_c20 cm
336 _atext
_2rdacontent
337 _aunmediated
_2rdamedia
338 _avolume
_2rdacarrier
490 1 _aA RARAWAY TREE ADVENTURE
500 _a"A colour short story illustrated by Alex Paterson" -- Cover.
500 _aText first published in Great Britain as chapters 13-15 of The Magic Faraway Tree in 1943.
500 _aFirst published as A Faraway Tree adventure: The Land of Toys in 2017 by Egmont UK Limited.
500 _a"A Faraway Tree adventure" -- Cover.
500 _a"A colour short story illustrated by Alex Paterson" -- Cover.
520 _a Joe, Beth, Frannie and cousin Rick go up the Faraway Tree for another fantastical adventure! This time, they reach the Land of Toys, where teddy bears, dolls and clockwork toys run around all day long. Poor Saucepan-Man gets thrown in prison by some toy soldiers and the children must rescue him before it's too late...
521 2 _aPrimary.
650 1 0 _aMagic
_vJuvenile fiction
650 2 0 _aImaginary places
_vJuvenile fiction
650 2 0 _aFriendship
_vJuvenile fiction
650 2 0 _aSchools
_vJuvenile fiction
655 7 _aChildren's stories
655 7 _aFantasy fiction
700 1 _aPaterson, Alex,
_q(Alex R. J.),
_eillustrator.
700 1 _iContained in (work):
_aBlyton, Enid.
_tMagic Faraway Tree.
830 0 _aA faraway tree adventure
942 _2ddc
_cB
999 _c193802
_d193802